| 000 | 00701nam a2200205Ia 4500 | ||
|---|---|---|---|
| 005 | 20241129111006.0 | ||
| 008 | 241129s9999||||xx |||||||||||||| ||und|| | ||
| 037 | _aTB | ||
| 040 |
_aCRL _bpun _cCRL |
||
| 041 |
_apun _2pun |
||
| 084 |
_aO157,3N09x 153Q3 _qCRL |
||
| 100 | _aਤਰਸੇਮ, ੳਗ। | ||
| 245 | 0 |
_aਆਸ਼ਪੂਰਣਾ ਦੇਵੀ ਦੀਆਂ ਸ੍ਰੇਸ਼ਟ ਕਹਾਣੀਆਂ _cਤਰਸੇਮ, ੳਗ। |
|
| 260 |
_aਦਿੱਲੀ, ਭਾਰਤ _bਨੈਸਨਲ ਬੁਕ ਟਰੱਸਟ _c2013 |
||
| 300 | _a243ਪ੍ਰ0 | ||
| 365 |
_aINR _b180 |
||
| 650 | _aBengali Fiction | ||
| 942 |
_cTB _hO157,3N09x 153Q3 |
||
| 999 |
_c1228430 _d1228430 |
||